<?xml version="1.0" encoding="UTF-8"?><?xml-stylesheet type="text/xsl" href="static/style.xsl"?><OAI-PMH xmlns="http://www.openarchives.org/OAI/2.0/" xmlns:xsi="http://www.w3.org/2001/XMLSchema-instance" xsi:schemaLocation="http://www.openarchives.org/OAI/2.0/ http://www.openarchives.org/OAI/2.0/OAI-PMH.xsd"><responseDate>2026-06-29T02:34:20Z</responseDate><request verb="GetRecord" identifier="oai:docta.ucm.es:20.500.14352/92320" metadataPrefix="marc">https://docta.ucm.es/rest/oai/request</request><GetRecord><record><header><identifier>oai:docta.ucm.es:20.500.14352/92320</identifier><datestamp>2025-04-02T00:11:28Z</datestamp><setSpec>com_20.500.14352_14</setSpec><setSpec>col_20.500.14352_21</setSpec></header><metadata><record xmlns="http://www.loc.gov/MARC21/slim" xmlns:dcterms="http://purl.org/dc/terms/" xmlns:xsi="http://www.w3.org/2001/XMLSchema-instance" xmlns:doc="http://www.lyncode.com/xoai" xsi:schemaLocation="http://www.loc.gov/MARC21/slim http://www.loc.gov/standards/marcxml/schema/MARC21slim.xsd">
   <leader>00925njm 22002777a 4500</leader>
   <datafield ind2=" " ind1=" " tag="042">
      <subfield code="a">dc</subfield>
   </datafield>
   <datafield ind2=" " ind1=" " tag="720">
      <subfield code="a">Domínguez Sánchez-Pinilla, Mario</subfield>
      <subfield code="e">author</subfield>
   </datafield>
   <datafield ind2=" " ind1=" " tag="720">
      <subfield code="a">Domínguez González, David Jorge</subfield>
      <subfield code="e">author</subfield>
   </datafield>
   <datafield ind2=" " ind1=" " tag="260">
      <subfield code="c">2012</subfield>
   </datafield>
   <datafield ind2=" " ind1=" " tag="520">
      <subfield code="a">Hace ya algunos años el pensador mexicano Carlos Pereyra expresó de manera muy gráfica cuál era el principal obstáculo para el desarrollo del conocimiento. Su diagnóstico, como el de tantos otros, compartía sin embargo un cierto aire de familiaridad que hacía de su propia denuncia la insistencia de un argumento no meramente puntual. En efecto, el problema básico, a su juicio, aquel que comportaba todos los requisitos de lo que G. Bachelard llamó obstáculos epistemológicos, no era otro que un problema relacionado con la mirada o, mejor aún, con la ausencia de una mirada epistemológicamente válida para el desarrollo y la autocomprensión no idealizada del conocimiento humano. El obstáculo, por tanto, era caer en “la tentación de encontrar en la apariencia inmediata de lo dado la clave para la inteligibilidad de la cosa mis - ma”1. A lo cual se añadía a renglón seguido las consecuencias in me diatas que semejante tentación podía comportar para un campo como la investigación socio-histórica: prioridad por los acontecimientos individuales, reducción de estos últimos a su aspecto intencional y, por si fuera poco, la suposición básica de que tales acciones constituyen el punto de partida para la explicación del movimiento de la sociedad, dan do pues por sentando que las relaciones sociales no sólo pueden sino que deben ser reducidas a relaciones entre subjetividades intencionales.</subfield>
   </datafield>
   <datafield ind1="8" ind2=" " tag="024">
      <subfield code="a">Domínguez Sánchez-Pinilla, M., Domínguez González, D. J. 'Conflicto, nombre propio de la multiplicidad', en Miguel Benasayag y Angélique del Rey, Elogio del conflicto, Madrid, Tierra de Nadie Ediciones, 2012, p. 5-58</subfield>
   </datafield>
   <datafield ind1="8" ind2=" " tag="024">
      <subfield code="a">978-84-938982-0-5</subfield>
   </datafield>
   <datafield ind1="8" ind2=" " tag="024">
      <subfield code="a">https://hdl.handle.net/20.500.14352/92320</subfield>
   </datafield>
   <datafield ind2="0" ind1="0" tag="245">
      <subfield code="a">Conflicto, nombre propio de la multiplicidad: una introducción a la obra de Miguel Benasayag y Angélique del Rey</subfield>
   </datafield>
</record></metadata></record></GetRecord></OAI-PMH>